Инженерная графика: учебник для вузов

Bibliografische gegevens
Hoofdauteur: Чекмарев А. А. Альберт Анатольевич
Samenvatting:В учебнике в соответствии с программой изложены метод проецирования, позволяющий строить изображения пространственных геометрических образов на плоскости, способы решения основных задач на чертеже, правила изображения на чертежах деталей и собираемых из них изделий. Даны основы использования персональных ЭВМ для решения графических задач. Широко использован производственный опыт. Приведены сведения по смежным вопросам конструирования, технологии, измерений. Рассмотрены примеры и даны предложения, облегчающие выполнение самостоятельных графических работ студентами. Для студентов немашиностроительных специальностей высших учебных заведений.
Taal:Russisch
Gepubliceerd in: Москва, Высшая школа, 2008
Editie:10-е изд., стер.
Reeks:Для высших учебных заведений
Общетехнические дисциплины
Onderwerpen:
Formaat: Boek
KOHA link:https://koha.lib.tpu.ru/cgi-bin/koha/opac-detail.pl?biblionumber=155391

MARC

LEADER 00000nam0a2200000 4500
001 155391
005 20231101221832.0
010 |a 9785060060874 
035 |a (RuTPU)RU\TPU\book\168567 
035 |a RU\TPU\book\102916 
035 |a RU\TPU\book\156343 
090 |a 155391 
100 |a 20081001d2008 m y0rusy50 ca 
101 0 |a rus 
102 |a RU 
105 |a a j 001zy 
200 1 |a Инженерная графика  |e учебник для вузов  |f А. А. Чекмарев 
205 |a 10-е изд., стер. 
210 |a Москва  |c Высшая школа  |d 2008 
215 |a 382 с.  |c ил. 
225 1 |a Для высших учебных заведений 
225 1 |a Общетехнические дисциплины 
320 |a Библиогр.: с. 370. 
320 |a Предметный указатель: с. 371-374. 
320 |a Сокращенный перечень использованных стандартов: с. 375-377. 
330 |a В учебнике в соответствии с программой изложены метод проецирования, позволяющий строить изображения пространственных геометрических образов на плоскости, способы решения основных задач на чертеже, правила изображения на чертежах деталей и собираемых из них изделий. Даны основы использования персональных ЭВМ для решения графических задач. Широко использован производственный опыт. Приведены сведения по смежным вопросам конструирования, технологии, измерений. Рассмотрены примеры и даны предложения, облегчающие выполнение самостоятельных графических работ студентами. Для студентов немашиностроительных специальностей высших учебных заведений. 
451 1 |0 (RuTPU)RU\TPU\book\156343  |y 978-5-06-005343-2  |t Инженерная графика  |o учебник для вузов  |f А. А. Чекмарев  |e 9-е изд., перераб. и доп.  |c М.  |n Высшая школа  |d 2007  |p 382 с.  |s Общетехнические дисциплины  |a Чекмарев, Альберт Анатольевич 
606 1 |a Инженерная графика  |2 stltpush  |3 (RuTPU)RU\TPU\subj\39243  |9 59411 
610 1 |a проецирование 
610 1 |a проекции 
610 1 |a чертежи 
610 1 |a плоскость 
610 1 |a многогранники 
610 1 |a кривые линии 
610 1 |a кривые поверхности 
610 1 |a аксонометрические поверхности 
610 1 |a конструкторская документация 
610 1 |a изображения 
610 1 |a детали 
610 1 |a эскизы 
610 1 |a рабочая документация 
610 1 |a машинная графика 
610 1 |a начертательная геометрия 
610 1 |a техническое черчение 
610 1 |a учебники 
675 |a 76:621(075.8)  |v 3 
700 1 |a Чекмарев  |b А. А.  |g Альберт Анатольевич 
801 1 |a RU  |b 63413507  |c 20090313  |g PSBO 
801 2 |a RU  |b 63413507  |c 20161011  |g PSBO 
900 |a Инженерная графика 
900 |a Начертательная геометрия и технический рисунок 
900 |a Начертательная геометрия, инженерная графика 
900 |a Начертательная геометрия. Инженерная графика 
900 |a Рисунок 
942 |c BK 
952 |a 550000 
959 |a 36/20090313  |d 22  |e 438,90  |f АНЛ:1  |f ЧЗТЛ:1  |f УФ:20 
959 |a 64/20090605  |d 35  |e 0  |f УФ:20  |f Ф_ТПУ_Новокузнецк:15